| 000 | 00963cab a2200253 4500 | ||
|---|---|---|---|
| 001 | ABS57947 | ||
| 008 | 090401t1997 xxu||||| |||| 00| 0 eng d | ||
| 035 | _a(Sirsi) u82245 | ||
| 041 | _aeng | ||
| 100 | _aGibbs, D. | ||
| 245 | _aInformation and communication technologies and local economic development policies: The British case | ||
| 260 | _c1997 | ||
| 350 | _a0 | ||
| 490 |
_aRegional Studies _v31(8) November 1997, 765-774(10) |
||
| 520 | _aAn overview of the development of information and communication technologies (ICTs) initiatives which are fast becoming the basis of local authorities` local economic development strategies. Information from survey evidence. | ||
| 650 | _aECONOMIC DEVELOPMENT | ||
| 650 | _aICT | ||
| 650 | _aINFORMATION AND COMMUNICATION TECHNOLOGY | ||
| 650 | _aLOCAL AUTHORITIES | ||
| 690 | _aMANAGEMENT-BUSINESS MANAGEMENT-INFORMATION MANAGEMENT | ||
| 700 | _aTanner, Keith | ||
| 942 | _n0 | ||
| 948 | _c20/11/1997 | ||
| 999 |
_c51896 _d51896 |
||